Normal view
MARC view
- الزراعة-الانتاج الحيواني-الانتاج النباتي
Entry Topical Term
001 - CONTROL NUMBER
- control field: 64478
003 - CONTROL NUMBER IDENTIFIER
- control field: JO-AjAnu
005 - DATE AND TIME OF LATEST TRANSACTION
- control field: 20230606084532.0
008 - FIXED-LENGTH DATA ELEMENTS
- fixed length control field: 230606|| aca||aabn | a|a d
040 ## - CATALOGING SOURCE
- Original cataloging agency: JO-AjAnu
- Transcribing agency: JO-AjAnu
150 ## - HEADING--TOPICAL TERM
- Topical term or geographic name entry element: الزراعة-الانتاج الحيواني-الانتاج النباتي
670 ## - SOURCE DATA FOUND
- Source citation: Work cat.: (JO-AjAnu)33103: الحفيظ، عماد محمد ذياب, author 64477, تطور تقنيات العلوم الزراعية في التراث العربي الإسلامي